Normal view MARC view
  • Nida-Un-Nasser

Entry Personal Name

Number of records used in: 1

001 - CONTROL NUMBER

  • control field: 23547

003 - CONTROL NUMBER IDENTIFIER

  • control field: NUST

005 - DATE AND TIME OF LATEST TRANSACTION

  • control field: 20191011123434.0

008 - FIXED-LENGTH DATA ELEMENTS

  • fixed length control field: 191011|| aca||aabn | a|a d

040 ## - CATALOGING SOURCE

  • Original cataloging agency: NUST
  • Transcribing agency: NUST

100 ## - HEADING--PERSONAL NAME

  • Personal name: Nida-Un-Nasser

670 ## - SOURCE DATA FOUND

  • Source citation: Work cat.: (NUST): Nida-Un-Nasser , MS/Thesis:BRAVI Brain Visualization , 2015
© 2023 Central Library, National University of Sciences and Technology. All Rights Reserved.